Step by step guide to power (Record no. 69612)

MARC details
000 -LEADER
fixed length control field 01465cam a2200217 4500
001 - CONTROL NUMBER
control field ABS65114
008 - FIXED-LENGTH DATA ELEMENTS--GENERAL INFORMATION
fixed length control field 020227n2002 000 0 eng u
035 ## - SYSTEM CONTROL NUMBER
System control number (Sirsi) u116875
100 ## - MAIN ENTRY--PERSONAL NAME
Personal name Owen, R.
245 ## - TITLE STATEMENT
Title Step by step guide to power
260 ## - PUBLICATION, DISTRIBUTION, ETC.
Date of publication, distribution, etc. 2002
490 ## - SERIES STATEMENT
Series statement Planning (for the Natural and Built Environment)
Volume/sequential designation (1453) 11 January 2002, 17(1)
520 ## - SUMMARY, ETC.
Summary, etc. The DTLR commissioned Drivers Jonas to produce the "Compulsory Purchase Procedure Manual" (Stationery Office +44 (0)870 600 5522)offering guidance on 25 compulsory purchase powers including planning, regeneration highways, housing and the establishment of country parks. Driver Jonas has also produced a series of five booklets to replace existing guidance which acquiring authorities provide to those affected. "Compulsory purchase procedure", "Compensation to business owners and occupiers", "Agricultural owners and occupiers" "Residential owners" and Reducing the adverse effects" (Available from DTLR Free Literature T +44(0)879 122 6236. The DTLR has "Compulsory purchase and compensation: the Government's proposals for changes" out for consultation until 27 March and further proposals are awaited from the Law Commission.
590 ## - LOCAL NOTE (RLIN)
Local note ABS
650 ## - SUBJECT ADDED ENTRY--TOPICAL TERM
Topical term or geographic name entry element Compulsory purchase
9 (RLIN) 6228
650 ## - SUBJECT ADDED ENTRY--TOPICAL TERM
Topical term or geographic name entry element GUIDANCE
650 ## - SUBJECT ADDED ENTRY--TOPICAL TERM
Topical term or geographic name entry element CPOS
690 ## - LOCAL SUBJECT ADDED ENTRY--TOPICAL TERM (OCLC, RLIN)
Topical term or geographic name as entry element ENVIRONMENTAL AND LAND CONSULTANCY-PLANNING AND DEVELOPMENT-COMPULSORY PURCHASE AND COMPENSATION
700 ## - ADDED ENTRY--PERSONAL NAME
Personal name Taylor, N.
942 ## - ADDED ENTRY ELEMENTS (KOHA)
Suppress in OPAC 0
Holdings
Withdrawn status Lost status Source of classification or shelving scheme Damaged status Not for loan Home library Current library Shelving location Date acquired Total Checkouts Full call number Barcode Date last seen Copy number Price effective from Koha item type
    Dewey Decimal Classification     London London Journal article 27/02/2002   ABS65114 116875-1001 06/08/2019 1 06/08/2019 Journal article